00497nam a2200193 a 4500001001300000003000900013005001700022008004100039020000800080082001500088100001800103245002800121260004400149300000800193500003500201505002500236650002400261700001800285nice12345678IN_TiNIC20260116011736.0050524s1972 hyda grp 000 0 hin  ac200a264.1bHAN aHans, Earnest aMasihi Prarthana Sarita aHyderabadbHenry Martyn Institutec1972 a64p aincludes index and biblioraphy2 aNotes and foot notes aChristianity-Prayer1 aHans, Earnest